Normal view
MARC view
Entry Topical Term
001 - CONTROL NUMBER
- control field: 17474
003 - CONTROL NUMBER IDENTIFIER
- control field: HDC
005 - DATE AND TIME OF LATEST TRANSACTION
- control field: 20230624073515.0
008 - FIXED-LENGTH DATA ELEMENTS
- fixed length control field: 210227|| aca||aabn | a|a d
040 ## - CATALOGING SOURCE
- Original cataloging agency: HDC
- Transcribing agency: HDC
150 ## - HEADING--TOPICAL TERM
- Topical term or geographic name entry element: Global Halal Congress
670 ## - SOURCE DATA FOUND
- Source citation: Work cat.: (HDC): Pakistan: 1st Global Halal Congress in Karachi – 4 Dec 2010, 2010
